| 000 | 01218cam a2200265 4500 | ||
|---|---|---|---|
| 008 | 000000n2002 000 0 eng u | ||
| 020 | _a1899769544 | ||
| 035 | _a(Sirsi) u122290 | ||
| 050 |
_a346.410434 _C18 |
||
| 100 | _aHollis, Malcolm | ||
| 245 |
_aDilapidations _ban introduction - a CPD study pack |
||
| 250 | _a3rd ed. | ||
| 260 |
_aReading _bCollege of Estate Management _c2002 |
||
| 300 |
_a74p. _c30cm. + 1 audio cassette (ca. 60 min.) |
||
| 350 | _a41 | ||
| 490 | _aCollege of Estate Management CPD Study Pack | ||
| 520 | _aThe third edition of this CPD study pack dealing with the liabilities of landlords and tenants of leasehold properties regarding matters of disrepair or deficiencies in such holdings. Explains the common law, contractual and statutory controls and includes brief outlines of relevant cases. Accompanied by the Owlion Audio Tape entitled "Dilapidations update 1998" (J92227) which is available to borrow separately. | ||
| 520 | _a4th edition (ISBN 1904388191) available from the library. | ||
| 650 |
_aDilapidations _96235 |
||
| 650 | _aDILAPIDATIONS CLAIMS | ||
| 650 | _aFIXTURES AND FITTINGS | ||
| 650 | _aREPAIRS | ||
| 690 | _aLANDLORD AND TENANT-D | ||
| 942 | _n0 | ||
| 999 |
_c102815 _d102815 |
||